Historia de la cultura argentina /

Guardado en:
Autor Principal: Ibañez, José Cosmelli
Formato: Libro
Publicado: Argentina : Troquel, 1964
Materias:
Etiquetas: Agregar Etiqueta
Sin Etiquetas, Sea el primero en etiquetar este registro!
LEADER 00526nam a22001815a 4500
001 CEM.cems003373
005 19000101000000.0
008 130507s1964##################000#0#####d
003 CEMS
082 0 4 |a 982 
100 1 |a Ibañez, José Cosmelli 
245 1 0 |a Historia de la cultura argentina /  |c José Cosmelli Ibañez 
260 |a Argentina :  |b Troquel,  |c 1964 
300 |a 375 p. 
653 |a Historia 
653 |a Historia argentina 
653 |a Historia de la cultura 
859 |a CEMS  |b BIB. CEMS - 11 de abril  |h 982  |i Ib1-1  |p 5470.76  |t Ej.1